000 00412cam a22001097a 4500
008 180718b1962 xxu||||| |||| 00| 0 eng d
082 _aK32x42 Un3q
245 _aRecruitment for service overseas : future policy
_cby Department of Technical Co-OPeration, United Kingdom
260 _aLondon
_bHer Majesty's Stationery Office
_c1962
300 _a29+p.
700 _aUnited Kingdom. Department of Technical Co-OPeration
999 _c499929
_d499929